00281nam a2200121Ia 4500008004100000100001600041245003100057260002700088300000800115650001200123942000700135999001700142190216s9999||||xx |||||||||||||| ||und|| aSakurai J J 0aAdvanced Quantum Mechanics bPearson Education Asia a336 aPhysics cBK c33918d33918